| 000 | 01112nam a2200325 a 4500 | ||
|---|---|---|---|
| 001 | 000110195 | ||
| 003 | CHAP | ||
| 005 | 20220329144121.0 | ||
| 008 | 140731s2011 mx |r| ||||||spa d | ||
| 010 | _a106657 | ||
| 011 | _a107629 | ||
| 020 | _a9786077510864 | ||
| 040 | _cCHAP | ||
| 082 | 0 | 4 |
_a378.007 _bS43 |
| 245 | 0 | 0 |
_aSeñal y laberinto : _bperspectivas académicas en torno al arte y las humanidades / _ccoordinado por Julio Pimentel Tort y Vladimir González Roblero. |
| 260 |
_aTuxtla Gutiérrez, Chiapas, México : _bUniversidad de Ciencias y Artes de Chiapas, _c2011. |
||
| 300 | _a157 p. | ||
| 490 | _aSaber de Chiapas | ||
| 590 |
_aBATCH-UPD _b05 _c20140731 _lUCH01 _h1140 |
||
| 590 |
_aE5765TAJ _b05 _c20140731 _lUCH01 _h1139 |
||
| 650 | 1 | 4 |
_aArtes _xEstudio y enseñanza. _9127630 |
| 650 | 1 | 4 |
_aArtes _xFilosofía. _9127631 |
| 650 | 1 | 4 |
_aHumanidades _xEstudio y enseñanza. _956858 |
| 650 | 1 | 4 |
_aHumanidades _xFilosofía. _9127629 |
| 700 | 1 |
_aGonzález Roblero, Vladimir _ecoord. _9127616 |
|
| 700 | 1 |
_aPimentel Tort, Julio _ecoord. _9127628 |
|
| 901 | _aBK | ||
| 942 | _cLIBRO | ||
| 942 | _n0 | ||
| 999 |
_c106657 _d106657 |
||